| 000 | 00487nam a2200157Ia 4500 | ||
|---|---|---|---|
| 003 | OSt | ||
| 005 | 20210917114115.0 | ||
| 008 | 190216s9999||||xx |||||||||||||| ||und|| | ||
| 040 | _coclc | ||
| 082 |
_a297 _bALH/G |
||
| 100 |
_aAl Harmaini, Imam _98858 |
||
| 245 | 0 |
_aAl Ghiyazi : _bgiyazu al umam fi al thabathi al dulmi / _cImam Al Harmaini |
|
| 260 |
_bThe Religions Department State Of Qatar, _aQatar: |
||
| 300 | _a611p | ||
| 942 |
_cBK _2ddc _h297 _iALH/G _k297 _mALH/G |
||
| 999 |
_c310 _d310 |
||